| 000 | 00850cam a2200241 a 4500 | ||
|---|---|---|---|
| 001 | 000001476 | ||
| 005 | 20200929145606.0 | ||
| 008 | 860804s1986 waua b i000 0 spa | ||
| 010 | _a86190762 | ||
| 020 | _a0827023162 | ||
| 040 |
_aDO-SdBNP _cDLC _dDLC |
||
| 082 |
_a548 _bR696f |
||
| 100 | 1 |
_aRodríguez Lara, Jaime. _94877 |
|
| 245 | 1 | 0 |
_aFundamentos de cristalografía física / _cJaime Rodríguez Lara. |
| 260 |
_aWashington, D. C. : _bSecretaría General de la Organización de los Estados Americanos, Programa Regional de Desarrollo Científico y Tecnológico, _c1986. |
||
| 300 |
_avi, 82 p. : _bil. ; _c23 cm. |
||
| 490 | 1 |
_aFísica _vno. 15 |
|
| 504 | _aIncluye referencias bibliográficas | ||
| 650 | 4 |
_aCristalografía _94878 |
|
| 650 | 4 |
_aCristales _94879 |
|
| 830 | 0 |
_aFísica; _vno. 15 _94595 |
|
| 910 | _aCatalogación por copia / LC | ||
| 999 |
_c1384 _d1384 |
||